LIBRARY & INFORMATION CENTRE, KCAET, TAVANUR

ONLINE PUBLIC ACCESS CATALOGUE (OPAC)

Estimation of a pan evaporation using ann - a case study (Record no. 14994)

MARC details
000 -LEADER
fixed length control field 00654nam a22001817a 4500
003 - CONTROL NUMBER IDENTIFIER
control field OSt
088 ## - REPORT NUMBER
Report number P 326
100 ## - MAIN ENTRY--AUTHOR NAME
Personal name AMRUTHA GAYATHRY V
-- SHARMINA V.K
245 ## - TITLE STATEMENT
Title Estimation of a pan evaporation using ann - a case study
260 ## - PUBLICATION, DISTRIBUTION, ETC. (IMPRINT)
Place of publication Tavanur 2016
Name of publisher Department of Land and Water Resources & Conservation Engineering
300 ## - PHYSICAL DESCRIPTION
Number of Pages 72
500 ## - GENERAL NOTE
General note Estimation of a pan evaporation using ann - a case study
520 ## - SUMMARY, ETC.
Summary, etc Estimation of a pan evaporation using ann - a case study
700 ## - ADDED ENTRY--PERSONAL NAME
Personal name Er. Sajeena S
856 ## - ELECTRONIC LOCATION AND ACCESS
Uniform Resource Identifier https://drive.google.com/open?id=1CsYWuzRt7YjndWE2100UqEkvf7nkCHRB
942 ## - ADDED ENTRY ELEMENTS (KOHA)
Koha item type Project Report
Holdings
Collection code Home library Current library Shelving location Full call number Accession Number Koha item type
Reference KAUAET KAUAET Reference 631.75 807 AMR/ES P 326 Project Report
free website counter